| 000 | 00519nam a2200181Ia 4500 | ||
|---|---|---|---|
| 003 | GCL | ||
| 008 | 140319s9999 xx 000 0 ara d | ||
| 020 | _a9740836062 | ||
| 040 |
_aGCL / _cGCL |
||
| 082 | 0 | 4 |
_a495.91 _bS N |
| 100 | 1 | _aSETHAPUTRA, SO | |
| 245 | 1 | 0 |
_aNEW MODEL ENGLISH - THAI / _cSETHAPUTRA, SO |
| 260 |
_aتايلانــد : _bTHAI WATANA PANICH CO., LTD. ، _c1997 |
||
| 300 |
_a32 CM ؛ _c2 VOLS. |
||
| 650 | 0 | 4 | _aLANGUAGE - THAILAND |
| 650 | 0 | 4 | _aENGLISH - THAILAND - DICTIONARIES |
| 942 |
_2ddc _cBK |
||
| 999 |
_c5873 _d5873 |
||